000 00562nam a22002057a 4500
001 7962
003 FISKH
005 20250815104009.0
008 250815b cb ||||| |||| 00| 0 eng d
020 _a9780603572777
040 _aFISKH
_beng
_cFISKH
_dFISKH
082 _a823.914
100 _aAwdry, Christopher
245 _aThomas and Diesel /
300 _a10 unnumbered pages :
_bcolor illustrations ;
_c13 cm
505 _aNP
520 _aThomas and Diesel both think they can shunt faster then each other.
942 _2ddc
_cBK
_n0
999 _c7962
_d7962